Marine boilers / (Record no. 3363)

000 -LEADER
fixed length control field 03245cam a2200469 i 4500
006 - FIXED-LENGTH DATA ELEMENTS--ADDITIONAL MATERIAL CHARACTERISTICS--GENERAL INFORMATION
fixed length control field m o d
007 - PHYSICAL DESCRIPTION FIXED FIELD--GENERAL INFORMATION
fixed length control field cr cnu---unuuu
008 - FIXED-LENGTH DATA ELEMENTS--GENERAL INFORMATION
fixed length control field 140627s1990 enka o 001 0 eng d
020 ## - INTERNATIONAL STANDARD BOOK NUMBER
International Standard Book Number 9781483105338
Qualifying information (electronic bk.)
020 ## - INTERNATIONAL STANDARD BOOK NUMBER
International Standard Book Number 1483105334
Qualifying information (electronic bk.)
040 ## - CATALOGING SOURCE
Original cataloging agency IMU Kochi Library
Language of cataloging eng
041 0# - LANGUAGE CODE
Language code of text/sound track or separate title eng
082 04 - DEWEY DECIMAL CLASSIFICATION NUMBER
Classification number 623.8/722/076
Edition number 22
100 1# - MAIN ENTRY--PERSONAL NAME
Personal name Flanagan, G. T. H.
Fuller form of name (George Terence Holford)
245 10 - TITLE STATEMENT
Title Marine boilers /
250 ## - EDITION STATEMENT
Edition statement Third edition.
300 ## - PHYSICAL DESCRIPTION
Extent 1 online resource (120 pages) :
Other physical details illustrations
490 1# - SERIES STATEMENT
Series statement Marine engineering series
500 ## - GENERAL NOTE
General note Includes index.
505 0# - FORMATTED CONTENTS NOTE
Formatted contents note Front Cover; Marine Boilers; Copyright Page; Table of Contents; Preface; SI UNITS; CONVERSIONS; CHAPTER 1. Stresses in Boiler Shells; CIRCUMFERENTIAL STRESS; LONGITUDINAL STRESS; TENSILE TEST; BEND TEST; TESTS ON RIVET BARS; CHAPTER 2. Auxiliary Boilers; COMPOSITE BOILERS; EXHAUST GAS BOILERS; CHAPTER 3. Water Tube Boilers; THREE PASS DESIGN; SINGLE PASS DESIGN; CHAPTER 4. Superheaters and Uptake Heat Exchangers; RAISING THE BOILER PRESSURE; SUPERHEATING THE STEAM; WATER COOLED ATTEMPERATOR; AIR COOLED ATTEMPERATOR; SURFACE TYPE DE-SUPERHEATER; SPRAY TYPE DE-SUPERHEATER; VERTICAL TUBE TYPE.
505 8# - FORMATTED CONTENTS NOTE
Formatted contents note HORIZONTAL TUBE TYPECHAPTER 5. Boiler Mountings; Safety Valves; Main Stop Valve; Auxiliary Stop Valves; Feed Check Valves; Boiler Feed Water Regulator; Water Level Indicators; Low Water Alarms; Blow Down Valves; Scum Valves; Drain Valves; Air Vents; Superheater Circulating Valves; Chemical Dosing Valves; Salinometer Valves; Soot Blower Master Steam Valves; Pressure Gauge Connections; Thermometers; CHAPTER 6. Combustion of Fuel in Boilers; PRIMARY FLAME; SECONDARY FLAME; FIREBRICKS; MONOLITHIC REFRACTORIES; CHAPTER 7. Boiler Operation; Corrosion; Erosion; Overheating; Cracking.
505 8# - FORMATTED CONTENTS NOTE
Formatted contents note Mechanical DamageInternal Cleaning; External Cleaning; Index.
520 ## - SUMMARY, ETC.
Summary, etc Marine Boilers, Third Edition provides practical information about boilers and other relevant equipment used at sea on steam and motor vessels. The coverage of the book includes auxiliary boilers, water tube boilers, and boiler mountings. The text also covers stresses in boiler shells; combustion of fuel in boilers; and boiler operation. The book will be of great use to marine engineers, mechanics, and technicians who primarily deals with marine-related machineries.
650 #0 - SUBJECT ADDED ENTRY--TOPICAL TERM
Topical term or geographic name as entry element Steam-boilers, Marine
Form subdivision Examinations, questions, etc.
650 #6 - SUBJECT ADDED ENTRY--TOPICAL TERM
Topical term or geographic name as entry element Bateaux �a vapeur
General subdivision Chaudi�eres
Form subdivision Examens, questions, etc.
650 #7 - SUBJECT ADDED ENTRY--TOPICAL TERM
Topical term or geographic name as entry element TECHNOLOGY & ENGINEERING
General subdivision Military Science.
Source of heading or term bisacsh
650 #7 - SUBJECT ADDED ENTRY--TOPICAL TERM
Topical term or geographic name as entry element Steam-boilers, Marine.
Source of heading or term fast
655 #7 - INDEX TERM--GENRE/FORM
Genre/form data or focus term Examinations.
Source of term fast
655 #7 - INDEX TERM--GENRE/FORM
Genre/form data or focus term Examinations.
Source of term lcgft
830 #0 - SERIES ADDED ENTRY--UNIFORM TITLE
Uniform title Marine engineering series.
852 ## - LOCATION/CALL NUMBER
Location IMU Kochi Library
856 ## - ELECTRONIC LOCATION AND ACCESS
Uniform Resource Identifier <a href="https://www.sciencedirect.com/science/book/9780434906062">https://www.sciencedirect.com/science/book/9780434906062</a>
904 ## - LOCAL DATA ELEMENT D, LDD (RLIN)
CATALOGER Rudra Ranjan
905 ## - LOCAL DATA ELEMENT E, LDE (RLIN)
VERIFIER Rudra Ranjan
942 ## - ADDED ENTRY ELEMENTS (KOHA)
Item type E-Book
264 #1 -
-- Jordan Hill, Oxford :
-- Heinemann Newnes,
-- 1990.
338 ## -
-- online resource
650 #6 - SUBJECT ADDED ENTRY--TOPICAL TERM
-- (CaQQLa)201-0241304
-- (CaQQLa)201-0241304
-- (CaQQLa)201-0377061
650 #7 - SUBJECT ADDED ENTRY--TOPICAL TERM
-- (OCoLC)fst01132336
655 #7 - INDEX TERM--GENRE/FORM
-- (OCoLC)fst01423780

No items available.



Copyright © All Rights Reserved by Indian Maritime University, Kochi Campus.
For any Suggestions/Query Contact to library or Email: library.kochi@imu.ac.in Ph:(0484)-2989402
(Web OPAC Designed by Rudra Ranjan. Maintained by IMU Kochi Library)

Powered by Koha